Antologi pantun : menu warisan Malaysia

Bibliographic Details
Format: Book
Published: Ayer Keroh, Melaka : SYFE Management Sdn Bhd 2022
Subjects:

MARC

LEADER 00000cam a2200000 7i4500
001 0000091560
005 20230604093744.0
008 230604 may
020 |a 9789672891949 (  |q (paperback)) 
040 |e rda 
041 |a Malay 
090 0 0 |a 808.882   |b ANT 
245 1 0 |a Antologi pantun :   |b menu warisan Malaysia 
264 1 |a Ayer Keroh, Melaka :   |b SYFE Management Sdn Bhd   |c 2022 
300 |a 84 pages ;   |c 21 cm. 
336 |a text  |2 rdacontent 
337 |a unmediated  |2 rdamedia 
338 |a volume  |2 rdacarrier 
541 |c Purchased on 2023   |f 2303 SHPD   |h RM30.00 
650 0 |a Creative writing   |x Poetry 
650 0 |a Malay language 
730 0 |a Title 
999 |a 0001726542   |b Book   |c Adult Collection   |e Cawangan AEON Kulaijaya 
999 |a 0001726543   |b Book   |c Adult Collection   |e Cawangan Urban Transformation Centre 
999 |a 0001726544   |b Book   |c Adult Collection   |e Perbadanan Perpustakaan Awam Johor 
999 |a 0001726545   |b Book   |c Adult Collection   |e Perbadanan Perpustakaan Awam Johor 
999 |a 0001726546   |b Book   |c Adult Collection   |e Cawangan Mersing 
999 |a 0001726547   |b Book   |c Adult Collection   |e Cawangan Pontian 
999 |a 0001726548   |b Book   |c Adult Collection   |e Cawangan Bandar Tenggara 
999 |a 0001726549   |b Book   |c Adult Collection   |e Perbadanan Perpustakaan Awam Johor 
999 |a 0001726550   |b Book   |c Adult Collection   |e Cawangan Taman Sri Lambak 
999 |a 0001726551   |b Book   |c Adult Collection   |e Cawangan Segamat 
999 |a 0001726552   |b Book   |c Adult Collection   |e Cawangan Muar 
999 |a 0001726553   |b Book   |c Adult Collection   |e Cawangan Bandar Penawar 
999 |a 0001726554   |b Book   |c Adult Collection   |e Cawangan Tangkak 
999 |a 0001726555   |b Book   |c Adult Collection   |e Cawangan Bukit Gambir 
999 |a 0001726556   |b Book   |c Adult Collection   |e Cawangan Kota Tinggi 
999 |a 0001726557   |b Book   |c Adult Collection   |e Cawangan Sri Merlong 
999 |a 0001726558   |b Book   |c Adult Collection   |e Cawangan Tmn. Ungku Tun Aminah 
999 |a 0001727687   |b Book   |c Teenagers   |e Desa - PPAJ 
999 |a 0001727688   |b Book   |c Teenagers   |e Desa - PPAJ 
999 |a 0001727689   |b Book   |c Teenagers   |e Desa - PPAJ 
999 |a 0001727690   |b Book   |c Teenagers   |e Desa - PPAJ 
999 |a 0001727691   |b Book   |c Teenagers   |e Desa - PPAJ 
999 |a 0001727692   |b Book   |c Teenagers   |e Desa - PPAJ 
999 |a 0001727693   |b Book   |c Teenagers   |e Desa - PPAJ 
999 |a 0001727694   |b Book   |c Teenagers   |e Desa - PPAJ 
999 |a 0001727695   |b Book   |c Teenagers   |e Desa - PPAJ 
999 |a 0001727696   |b Book   |c Teenagers   |e Desa - PPAJ 
999 |a 0001727697   |b Book   |c Teenagers   |e Desa - PPAJ 
999 |a 0001727698   |b Book   |c Teenagers   |e Desa - PPAJ 
999 |a 0001727699   |b Book   |c Teenagers   |e Desa - PPAJ 
999 |a 0001727700   |b Book   |c Teenagers   |e Desa - PPAJ 
999 |a 0001727701   |b Book   |c Teenagers   |e Desa - PPAJ 
999 |a 0001727702   |b Book   |c Teenagers   |e Desa - PPAJ 
999 |a 0001727703   |b Book   |c Teenagers   |e Desa - PPAJ 
999 |a 0001727704   |b Book   |c Teenagers   |e Desa - PPAJ 
999 |a 0001727705   |b Book   |c Teenagers   |e Desa - PPAJ 
999 |a 0001727706   |b Book   |c Teenagers   |e Desa - PPAJ 
999 |a 0001727707   |b Book   |c Teenagers   |e Desa - PPAJ 
999 |a 0001727708   |b Book   |c Teenagers   |e Desa - PPAJ 
999 |a 0001727709   |b Book   |c Teenagers   |e Desa - PPAJ 
999 |a 0001727710   |b Book   |c Teenagers   |e Desa - PPAJ 
999 |a 0001727711   |b Book   |c Teenagers   |e Desa - PPAJ 
999 |a 0001727712   |b Book   |c Teenagers   |e Desa - PPAJ 
999 |a 0001727713   |b Book   |c Teenagers   |e Desa - PPAJ 
999 |a 0001727714   |b Book   |c Teenagers   |e Desa - PPAJ 
999 |a 0001727715   |b Book   |c Teenagers   |e Desa - PPAJ 
999 |a 0001727716   |b Book   |c Teenagers   |e Desa - PPAJ 
999 |a 0001727718   |b Book   |c Teenagers   |e Desa - PPAJ 
999 |a 0001727719   |b Book   |c Teenagers   |e Desa - PPAJ 
999 |a 0001727720   |b Book   |c Teenagers   |e Desa - PPAJ 
999 |a 0001727721   |b Book   |c Teenagers   |e Desa - PPAJ 
999 |a 0001727722   |b Book   |c Teenagers   |e Desa - PPAJ 
999 |a 0001727723   |b Book   |c Teenagers   |e Desa - PPAJ 
999 |a 0001727724   |b Book   |c Teenagers   |e Desa - PPAJ 
999 |a 0001727725   |b Book   |c Teenagers   |e Desa - PPAJ 
999 |a 0001727726   |b Book   |c Teenagers   |e Desa - PPAJ 
999 |a 0001727727   |b Book   |c Teenagers   |e Desa - PPAJ 
999 |a 0001727750   |b Book   |c Teenagers   |e Desa - PPAJ